Quizzes
Events
Quiz Creation
Community
Videos
Private Events
Remove Ads
Sign In
Join for FREE
Feedback
Dark Mode
Quiz Categories
Sports
Geography
Music
Movies
Television
Just For Fun
Miscellaneous
History
Literature
Language
Science
Gaming
Entertainment
Religion
Holiday
For Kids
Quiz Lab
Recent
Popular Today
Quiz Kudos Today
Editor Picks
Curator Picks
Quizzes by...
Day
Popularity
Type
Ratings
Length
Year
Community
Subscriptions
Recent Discussions
Orange Saloon
Badges
Playlists
Quests
Create
Leaderboards
Showdown
Live 5
Trivia Bingo
Activity
Puzzle Library
Sporcle Events
Private Events
Virtual Trivia
Globe League
Become a Host
Pub Owners
SporcleCon
Opinionation
Our Games
Videos
Blog
Mobile Apps
Partnerships
Remove Ads and Go Orange
Feedback
Miscellaneous
Crossword
General Knowledge
Baby Names
Logo
Food
Cars
Numbers
Grab Bag
University
College
Popular
Company
Slogans
Restaurants
Justice
Letter
Miscellaneous
Crossword
General Knowledge
Baby Names
Logo
Food
Cars
Numbers
Grab Bag
University
College
Popular
Company
Slogans
Restaurants
Justice
Letter
Random Quiz
Search Sporcle
×
Quiz Lab
Quiz Lab
Miscellaneous
bag
Type in answers that appear in a list
Type in answers that appear in a list
Classic
Best Score? Go Orange.
Grab bag countdown Stats
Can you name the answers in these grab bag categories?
By
quirked
10m
55 Questions
178 Plays
178 Plays
178 Plays
Comments
Comments
Give Quiz Kudos
Give Quiz Kudos
-
- Ratings
hide this ad
Replay
Link that replays current quiz
Next Quiz
Link to next quiz in quiz playlist
You Got
0%
They Got
Avg Score
24%
Avg Friend Score
Upgrade to see
Score Distribution
Jump to the score distribution portion of the page
Score
0/55
Timer
10:00
0
Plays Today
% Correct
John F. Kennedy
74.7%
John Adams
71.9%
John Quincy Adams
70.2%
Mercury
66.9%
James Madison
64%
Malaysia
62.4%
Jimmy Carter
62.4%
Mali
57.3%
James Monroe
53.9%
Maldives
53.4%
Uranium
52.2%
Malta
50%
Malawi
45.5%
Sunni
44.4%
James Polk
44.4%
James Buchanan
41%
Shi'ite
39.3%
James Garfield
38.8%
John Tyler
36%
Los Angeles Dodgers
34.3%
Neptunium
33.1%
Arizona Diamondbacks
33.1%
Anaheim Ducks
32.6%
Miami Dolphins
30.3%
New Jersey Devils
23%
Backstreet Boys
18.5%
Forrest Gump
17.4%
Millenium
15.7%
% Correct
Black & Blue
13.5%
Metal Gear
12.9%
Backstreet's Back
10.7%
Metal Gear Solid (The Twin Snakes)
10.7%
Tampa Bay Devil Rays
7.3%
Measure for Measure
3.9%
All's Well that Ends Well
3.9%
Never Gone
3.9%
Troilus and Cressida
3.4%
Metal Gear Solid 3: Snake Eater
2.8%
Attack of the Talking Toilets
2.2%
Perilous Plot of Professor Poopypants
2.2%
Metal Gear 2: Solid Snake
2.2%
Metal Gear Solid 4: Guns of the Patriots
2.2%
Unbreakable
2.2%
This is Us
2.2%
Metal Gear Solid: Peace Walker
1.7%
Metal Gear Solid 2: Sons of Liberty
1.7%
Tellurium
1.1%
Terrifying Return of Tippy Tinkletrousers
1.1%
Invasion of the Incredibly Naughty Cafeteria Ladies from Outer Space
1.1%
Wrath of the Wicked Wedgie Woman
1.1%
Big, Bad Battle of the Bionic Booger Boy, Part 1
1.1%
Big, Bad Battle of the Bionic Booger Boy, Part 2
1.1%
Preposterous Plight of the Purple Potty People
1.1%
Metal Gear Solid: Portable Ops
1.1%
Metal Gear Solid: Rising
1.1%
Quiz Playlist
Details
Report
Send in Message
Add To Playlist
Classic:
Type in answers that appear in a list
Last Updated: Feb 16, 2017
Quiz Scoreboard
CHALLENGE
Sign Up to Join the Scoreboard
Show All
Scores
Hide
Comments
May contain spoilers
Recently Published
9x9 Crossword: Cartoon Network
by jackfrog10
Miscellaneous
3m
College Basketball Coaching Resumes
by pancakes188
Sports
9m
Billboard Blitz: Fleetwood Mac
by CooCooCachoo
Music
15s
More to Explore
Quiz From the Vault
Featured Blog Post
Where Did the Easter Bunny Come From?
hide this ad
You Might Also Like...
Tags
bag
Category
Countdown
Today's Top Quizzes in Miscellaneous
Browse Miscellaneous
hide this ad
Today's Top Quizzes in bag
Browse bag
Top Contributed Quizzes in Miscellaneous
1
5-to-1: Fast Food
2
The JOE quick-fire general knowledge quiz: Day 174
3
The JOE quick-fire general knowledge quiz: Day 173
4
5-to-1: Cocktails
5
The JOE quick-fire general knowledge quiz: Day 172
6
Sunday Crossword: Famous Bodies of Water
7
The JOE quick-fire general knowledge quiz: Day 171
8
Named After an Animal - Odd One Out!
9
One Thing in Common: United Kingdom II
10
The JOE quick-fire quiz: Day 170
Explore More
Trending Topics
Kpop
NBA
Disney
Anime
Crossword
Harry Potter
Marvel
Puzzle
Song
The Office
NFL
Pokémon
Country
WWE
Soccer
hide this ad
More By:
quirked
Quiz
Plays
Rating
Category
Featured
Created
Countries ending in I, U, and Y
599
4.44
Geography
Jun 28, 2011
Les Miserables Casts
352
Music
Aug 2, 2011
The Order of Dissent in 12 Angry Men
215
1.00
Movies
Jun 30, 2011
Video Game Word Ladder
199
2.75
Miscellaneous
Jun 28, 2011
Grab bag countdown
178
3.50
Miscellaneous
Aug 7, 2011
Go to Creator's Profile
Score Distribution
Quiz Creator Spotlight
quirked
Follow
Send a Message
Quizzes Created
-
Created Quiz Play Count
-
More By This Creator
Popular Quizzes Today
1
Find the US States - No Outlines Minefield
2
Find the Countries of Europe - No Outlines Minefield
3
The Countries of the World
4
Find the US States
5
Risky Map Clicking: Biggest States A-Z
6
US States
7
Popular People in 1961
8
Movies - When Are They Set?
More Miscellaneous Quizzes
World Cuisine 1: Lithuania
Quiz Lab
Trending Quizzes
Risky Map Clicking: Least Populous States A-Z
1-10 Letter G Words
1-10 Letter F Words
Risky Map Clicking: Next State Alphabetically
Adjectives in 80s TV Shows
Recently Updated
Leaping Animals
pecheneg
Reality TV Shows (A-Z)
bhenderson79
Rickey Henderson's Hall of Fame Teammates
pecheneg
Champions League XIs: Arsenal
pecheneg
Quick Pick: Celebrities in WWE's Hall of Fame
aduchscher
A-Z Keypad Blitz II
pecheneg
Multiple Oscar Actors
pecheneg
Mystery Phrase Blitz: Oscar 'Best Actors'
pecheneg
F. Scott Fitzgerald Novels
LTH
Pick 3 Villains
ddd62291
Trending Topics
Crossword
Disney
Kpop
Marvel
Anime
Harry Potter
NBA
The Office
Puzzle
Soccer
WWE
Song
Country
NFL
Pokémon
Your Account Isn't Verified!
In order to create a playlist on Sporcle, you need to verify the email address you used during registration. Go to your
Sporcle Settings
to finish the process.
Report this User
Report this user for behavior that violates our
Community Guidelines
.
Details:
Send Report
Go to the Sporcle.com Mobile Site →
Comments